The Silk Road: (Record no. 591486)
[ view plain ]
| 000 -LEADER | |
|---|---|
| fixed length control field | 01190nam a22001457a 4500 |
| 020 ## - INTERNATIONAL STANDARD BOOK NUMBER | |
| International Standard Book Number | 9781780769257 |
| 040 ## - CATALOGING SOURCE | |
| Transcribing agency | NUST |
| 082 ## - DEWEY DECIMAL CLASSIFICATION NUMBER | |
| Classification number | 958,TUC |
| 100 ## - MAIN ENTRY--PERSONAL NAME | |
| Personal name | Tucker, Jonathan |
| 9 (RLIN) | 99102 |
| 245 ## - TITLE STATEMENT | |
| Title | The Silk Road: |
| Remainder of title | Central Asia, Afghanistan and Iran: A Travel Companion / |
| Statement of responsibility, etc. | Jonathan Tucker |
| 300 ## - PHYSICAL DESCRIPTION | |
| Extent | xvi, 220 p.: |
| 505 ## - FORMATTED CONTENTS NOTE | |
| Formatted contents note | The Old Road through Afghanistan to India (Page-8), Silk Road Sites in Southern Central Asia (Page-16), The Coming of Islam to Central Asia (Page-32), The Mongols (Page-47), Tamerlane (Timur) and the Timurids (Page-58), The Silk Road Sites between Balkh and Nisa (Page-63), The Route North from Merv to Khorzem (Page-74), The Routes North from the Iron Gate Pass (Page-88), The Routes to the North-West from Bukhura to Khorezm (Page-99), Silk Road Sites Around Samarkand (Page-112), The Silk Road between Samarkand and China (Page-121), Parthians and Sasanians (Page-140), The Main East-West Silk Road across Iran (Page-147), The Ray-Tabriz Road (Page-159), The Ray-Hamadan Road (Page-172), The End of the Road: The Silk Road in Decline (Page-180). |
| 650 ## - SUBJECT ADDED ENTRY--TOPICAL TERM | |
| Topical term or geographic name entry element | General India Travel Guides |
| Form subdivision | Chinese History |
| General subdivision | Art History |
| 9 (RLIN) | 99103 |
| 942 ## - ADDED ENTRY ELEMENTS (KOHA) | |
| Source of classification or shelving scheme | |
| Koha item type | Book |
| Call number prefix | 958,TUC |
| Withdrawn status | Lost status | Source of classification or shelving scheme | Damaged status | Not for loan | Permanent Location | Current Location | Shelving location | Date acquired | Total Checkouts | Full call number | Barcode | Date last seen | Date last checked out | Price effective from | Koha item type | Public note |
|---|---|---|---|---|---|---|---|---|---|---|---|---|---|---|---|---|
| Military College of Signals (MCS) | Military College of Signals (MCS) | General Stacks | 10/04/2022 | 2 | 958,TUC | MCS38573 | 04/08/2025 | 03/18/2025 | 10/04/2022 | Book | Almirah Fresh No.45, Shelf No.6 |
